00358nam a2200145Ia 4500008004100000020001500041050000900056050001000065245002500075260001800100260003600118260000900154300001500163440003400178170203s9999 xx 000 0 und d a9715180914 aFic  b.D612 4aThe Little Mermaid / aPhilippines : bLampara Publishing House, Inc., c2005 a16 pages ; aAll time Favorite Fairy Tales